Регионална библиотека "Любен Каравелов" - Русе

Зов за завръщане (Запис номер 150311)

MARC детайли
000 -Лидер
Контролно поле с фиксирана дължина 03006nam a2200565 c 4500
003 - Код на организацията, давaща контролен номер
Контролно поле BLK
005 - Дата и час на последна редакция
Контролно поле 20250719122059.0
008 - Елементи от данни с фиксирана дължина
fixed length control field 180410b bul|||||r ||||||| ||bul||
010 ## - Наследен системен номер
LC control number KNG00156630000
020 ## - Международен стандартен номер на книга ISBN
Международен стандартен номер на книга ISBN 978-954-26-1257-5
-- издат.: Хермес
040 ## - Източник на каталожния запис
Идентификатор на билиотеката - собственик на записа BLK
041 ## - Код за език
Код за езика на текст/звукозапис или на отделно заглавие Български
Код за езика КДБФ Български
072 #7 - Код за тематичната категория
Код организация bullib
Код за тематична категория Н83
Текст Чужда художествена литература Н
080 ## - УДК
Текстов определител УДК Американска литература (на САЩ)
УДК код - определител по УДК 821.111(73)
УДК определител -94
УДК - код + определител 821.111(73)-94
080 ## - УДК
Текстов определител УДК Спортна борба. Тежка атлетика. Културизъм
УДК код - определител по УДК 796.8
УДК определител .071(73)(092)(0:82-9)
УДК - код + определител 796.8.071(73)(092)(0:82-9)
080 ## - УДК
Текстов определител УДК Киноактьори
УДК код - определител по УДК 791.44.071.2
УДК определител (73)(092)(0:82-9)
УДК - код + определител 791.44.071.2(73)(092)(0:82-9)
080 ## - УДК
Текстов определител УДК Политика. Вж и 341 ; 342
УДК код - определител по УДК 32
УДК определител (73)(092)(0:82-9)
УДК - код + определител 32(73)(092)(0:82-9)
080 ## - УДК
Текстов определител УДК Австро-американски професионален културист, актьор, режисьор, предприемач, инвеститор и политик
УДК код - определител по УДК 929 Шварценегер, Арнолд
УДК определител
УДК - код + определител 929 Шварценегер, Арнолд
100 1# - Редна дума - Автор
Автор Шварценегер, Арнолд
Авторска отговорност първи автор
R(LIN) 142972
139 ## - Редно поле
Редна дума Шварценегер, Арнолд и др.
Авторски знак Шв - Ш 43
245 10 - Сведения за заглавието
Заглавие Зов за завръщане
Подзаглавни данни Моята невероятна история
Редно поле (дума) Арнолд Шварценегер; съавт. Петер Петре; прев. от англ. Калина Иванова Лазарова; прев. от англ. Павлина Николова Миткова.
257 ## - Страна на издаване
Страна на създаване/издаване Съединени американски щати
260 ## - Област на издателските данни
-- Пловдив
Име на издателя, разпространителя и проч. Хермес
Година на издаване 2013
Печатница Костинброд : Мултипринт
300 ## - Физическа характеристика
Страници 527 с., 32 л.
Илюстрации и др. със сн.
Размери/Мащаб 25 см
380 ## - Жанр
Жанр Худож. лит.
500 ## - Общи забележки
Забележка Ориг. загл. Total Regall / Arnold Schwarzenegger.
600 14 - Име на лице, използвано като предмет
За него / За нея Шварценегер, Арнолд
9 (RLIN) 142972
650 #4 - Допълнително описание по предмет – тема
Основно описание – тема или топоним Шварценегер, Арнолд
9 (RLIN) 142972
650 #4 - Допълнително описание по предмет – тема
Основно описание – тема или топоним Артисти, американски
9 (RLIN) 250937
650 #4 - Допълнително описание по предмет – тема
Основно описание – тема или топоним Актьори, американски
9 (RLIN) 280366
650 #4 - Допълнително описание по предмет – тема
Основно описание – тема или топоним Политици, американски - биографии
9 (RLIN) 267571
650 #4 - Допълнително описание по предмет – тема
Основно описание – тема или топоним Културисти
9 (RLIN) 159962
651 #4 - Допълнително описание по предмет - топоним
Географско понятие САЩ
9 (RLIN) 179493
653 ## - Ключова дума – ненормативна
Ключова дума Арнолд Шварценегер
653 ## - Ключова дума – ненормативна
Ключова дума мемоари
653 ## - Ключова дума – ненормативна
Ключова дума културисти
653 ## - Ключова дума – ненормативна
Ключова дума актьори
653 ## - Ключова дума – ненормативна
Ключова дума предприемачи
653 ## - Ключова дума – ненормативна
Ключова дума политици
659 ## - Тематичен бюлетин
Тематичен бюлетин Н
700 1# - Други автори (авторска отговорност)
Лично име Петре, Петер
Автороска отговорност (Описва отношението между автора и произведението) съавт.
9 (RLIN) 330916
700 1# - Други автори (авторска отговорност)
Лично име Лазарова, Калина Иванова
Автороска отговорност (Описва отношението между автора и произведението) прев. от англ.
9 (RLIN) 326275
700 1# - Други автори (авторска отговорност)
Лично име Миткова, Павлина Николова
Автороска отговорност (Описва отношението между автора и произведението) прев. от англ.
9 (RLIN) 267045
852 ## - Местоположение
Форматна сигнатура Цб 268105
856 4# - Електронен адрес и достъп
Електронен формат pdf - файл
Път до файла /url/
856 4# - Електронен адрес и достъп
Електронен формат pdf - файл
Път до файла /url/
942 ## - АРТИКУЛИ
Вид на библиотечния материал Книги
Скрит в OPAC Не
Koha issues (borrowed), all copies 22
944 ## - СЪЗДАВАНЕ И РЕДАКЦИЯ на ЗАПИСА
Създаване/Редакция Създаване
Дата на регистрацията/редакция 13.02.2014
Статус, дата на статуса Нора Радева
Служител, извършил регистрацията/редакцията 30545
944 ## - СЪЗДАВАНЕ И РЕДАКЦИЯ на ЗАПИСА
Създаване/Редакция Редакция
Дата на регистрацията/редакция 03.10.2017
Статус, дата на статуса ф /
Служител, извършил регистрацията/редакцията Людмила_Стоянова
999 ## - СИСТЕМНИ КОНТРОЛНИ НОМЕРА
Koha biblionumber 150311
Koha biblioitemnumber 150311
Наличности
Код за отписване Код за изгубен артикул Код за повреда Коз за рестрикции Код за отдаване Артикулен № Име на библиотеката - собственик Име на библиотеката, в която се намира в момента Статус (Текущо местоположение) Дата на вписване в системата Местоположение - отдел Цена в лева Инвентарен номер Систематично азбучна сигнатура Баркод Номер на екземпляра Цена в евро Служебна бележка Служебен тип на артикула
  Не е изгубен Не е повреден без рестрикции заемане за дома 251263 Регионална библиотека "Любен Каравелов" Русе Регионална библиотека "Любен Каравелов" Русе Заемна - подръчен фонд 2014-02-13 Заемна - подръчен фонд 22.46 120000774620 П 820(73)-9/Ш 43 120000774620 1 11.48 Дост: Pk Вид: Ф N: 270 Дата: 07.02.2014 Дата инв: 09.03.2018 Бележки инв: П2018 Книги
  Не е изгубен Не е повреден без рестрикции ползва се в читалня 251264 Регионална библиотека "Любен Каравелов" Русе Регионална библиотека "Любен Каравелов" Русе Хранилище 2015-01-28 Хранилище 29.95 120000784818 Цб 268105 120000784818 2 15.31 Дост: Dp Вид: Д N: 21 Дата: 28.04.2014 Книги
  Не е изгубен Не е повреден без рестрикции заемане за дома 251265 Регионална библиотека "Любен Каравелов" Русе Регионална библиотека "Любен Каравелов" Русе Заемна - подръчен фонд 2017-08-19 Заемна - подръчен фонд 29.95 120000814317 П 820(73)-9/Ш 43 120000814317 3 15.31 Дост: DA Вид: А N: 33 Дата: 19.08.2017 Дата инв: 07.03.2018 Бележки инв: П2018 Книги
Vip Innovations Ltd, Rousse, Bulgaria 2025